000 00341nam a2200133Ia 4500
005 20260328101522.0
008 260328s9999||||xx |||||||||||||| ||und||
100 _aCampoli, Julie
245 0 _aVisualizing density /
_cJulie Campoli
260 _bLincoln Institute of Land Policy
300 _a152 p.
650 _aDISEÑO URBANO
942 _cBK
999 _c9651
_d9651